Neuromarketing, fusión perfecta: seducir al cerebro con inteligencia para ganar en tiempos exigentes
Furkejuvvon:
| Váldodahkki: | |
|---|---|
| Materiálatiipa: | Girji |
| Giella: | espánnjágiella |
| Almmustuhtton: |
Madrid
Pearson Educación
2011
|
| Preanttus: | 1a. ed |
| Fáttát: | |
| Fáddágilkorat: |
Lasit fáddágilkoriid
Eai fáddágilkorat, Lasit vuosttaš fáddágilkora!
|
MARC
| LEADER | 00000cam a2200000 a 4500 | ||
|---|---|---|---|
| 001 | UCG8959 | ||
| 003 | CL-VaPUC | ||
| 008 | 120120e20110000SP |||||||||||||||||spa|d | ||
| 020 | |a 9788483227633 | ||
| 082 | 0 | 4 | |a 658.8342 |b ALV |2 21 |
| 100 | 0 | |a Alvarez del Blanco, Roberto |e author |9 560262 | |
| 245 | 1 | 0 | |a Neuromarketing, fusión perfecta: seducir al cerebro con inteligencia para ganar en tiempos exigentes |
| 250 | |a 1a. ed | ||
| 300 | |a 237 p | ||
| 942 | |c BK | ||
| 945 | |d 20120120 00:00:00 |a cmena | ||
| 260 | |a Madrid |b Pearson Educación |c 2011 | ||
| 650 | 0 | |a Marketing |9 259324 | |
| 650 | 0 | |a Consumidores |9 315658 | |
| 650 | 0 | |a Psicología aplicada |9 270762 | |
| 650 | 0 | |a Planificación estratégica |9 259735 | |
| 650 | 0 | |a Comportamiento del consumidor |9 331318 | |
| 583 | |a last modification |c 20130102 09:35:53 |k Rodrigo Vera | ||
| 999 | |c 346545 |d 346543 | ||
| 952 | |0 0 |1 0 |4 0 |6 658_834200000000000_ALV_2011 |7 0 |8 A |9 447280 |a BIBENE |b BIBENE |d 2019-11-22 |i 4833864 |l 1 |o 658.8342 ALV 2011 |p 4833864 |r 2025-01-15 |s 2024-05-24 |w 2019-11-22 |y BK |k ICO | ||